[Event "Burjassot U2200 op 4th"]
[Site "Burjassot"]
[Date "2016.10.21"]
[Round "6.1"]
[White "Nieto Tornero, Jose"]
[Black "Zaragoza Arenas, Franciscojavier"]
[Result "1/2-1/2"]
[WhiteElo "1934"]
[BlackElo "1872"]
[PlyCount "112"]
[EventDate "2016.09.09"]
[EventType "swiss"]
[EventRounds "7"]
[EventCountry "ESP"]
[SourceTitle "EXT 2024"]
[Source "ChessBase"]
[SourceDate "2023.10.10"]
[SourceVersion "1"]
[SourceVersionDate "2023.10.10"]
[SourceQuality "1"]

1. e4 g6 2. d4 Bg7 3. c4 d6 4. g3 e5 5. dxe5 dxe5 6. Qxd8+ Kxd8 7. Bg5+ f6 8. Be3 Be6 9. Nc3 Nd7 10. Rd1 Nh6 11. f3 Nf7 12. h4 c6 13. Be2 Bh6 14. Kf2 Bxe3+ 15. Kxe3 Ke7 16. Nh3 Nd6 17. b3 a5 18. Nf2 Nc5 19. Nd3 Nxd3 20. Bxd3 Rhd8 21. c5 Ne8 22. Be2 Nc7 23. Na4 Nb5 24. Bxb5 cxb5 25. Nb6 Rab8 26. f4 Bg4 27. Nd5+ Kf7 28. Rd2 exf4+ 29. gxf4 Rbc8 30. Rc1 Rc6 31. b4 axb4 32. Nxb4 Rxd2 33. Kxd2 Rc8 34. Rc3 Ra8 35. a3 h5 36. Ke3 Be6 37. c6 bxc6 38. Nxc6 Rc8 39. Kd2 Bd7 40. Nd4 Rxc3 41. Kxc3 g5 42. fxg5 fxg5 43. Nf3 g4 44. Ng5+ Kf6 45. Kd4 g3 46. Ke3 Bg4 47. Nh7+ Ke5 48. Ng5 Bd1 49. Nf7+ Kf6 50. Nd6 Ba4 51. Nf5 g2 52. Kf2 Bc2 53. Ng3 Ke5 54. Kxg2 Bxe4+ 55. Kf2 Bg6 56. Ke3 Bf7 1/2-1/2

[Event "Burjassot U2200 op 4th"]
[Site "Burjassot"]
[Date "2016.09.30"]
[Round "4.2"]
[White "Nieto Tornero, Jose"]
[Black "Vicente Sanz, Andres"]
[Result "1-0"]
[WhiteElo "1934"]
[BlackElo "1913"]
[PlyCount "115"]
[EventDate "2016.09.09"]
[EventType "swiss"]
[EventRounds "7"]
[EventCountry "ESP"]
[SourceTitle "EXT 2024"]
[Source "ChessBase"]
[SourceDate "2023.10.10"]
[SourceVersion "1"]
[SourceVersionDate "2023.10.10"]
[SourceQuality "1"]

1. e4 e5 2. Nf3 Nc6 3. d4 exd4 4. Nxd4 Bc5 5. Nb3 Bb6 6. Nc3 Qf6 7. Qe2 Nge7 8. g3 0-0 9. Bg2 d5 10. exd5 Bg4 11. f3 Nf5 12. Ne4 Qe5 13. dxc6 Rfe8 14. c3 Bh5 15. Bf4 Qe7 16. 0-0-0 Nd6 17. Bxd6 cxd6 18. cxb7 Qxb7 19. Qd3 Bg6 20. Rhe1 d5 21. Qxd5 Qxd5 22. Rxd5 f5 23. Nbd2 fxe4 24. Nxe4 Bxe4 25. fxe4 Re7 26. Kc2 Rf8 27. Re2 Rfe8 28. Kd3 Re5 29. Rd7 R8e7 30. Rxe7 Rxe7 31. e5 Kf7 32. Bd5+ Kg6 33. b4 h6 34. c4 Kf5 35. c5 Bc7 36. e6 Kg4 37. a4 h5 38. Re4+ Kg5 39. Kc4 Kf5 40. Kb5 g5 41. Re2 Kg4 42. Kc6 Bb8 43. Bg2 h4 44. Re4+ Kf5 45. gxh4 gxh4 46. Kd5 Bxh2 47. Rxh4 Bg3 48. Bh3+ Kf6 49. Rh8 Be1 50. b5 Ba5 51. Rf8+ Kg7 52. Rf7+ Rxf7 53. exf7 Kxf7 54. Kc6 Bb4 55. b6 axb6 56. cxb6 Be1 57. a5 Ke7 58. a6 1-0

[Event "Quart de Poblet op 3rd"]
[Site "Quart de Poblet"]
[Date "2015.07.18"]
[Round "2.2"]
[White "Nieto Tornero, Jose"]
[Black "Cruz Lledo, Pablo"]
[Result "0-1"]
[WhiteElo "1890"]
[BlackElo "2299"]
[PlyCount "102"]
[EventDate "2015.07.18"]
[EventType "swiss"]
[EventRounds "7"]
[EventCountry "ESP"]
[SourceTitle "EXT 2024"]
[Source "ChessBase"]
[SourceDate "2023.10.10"]
[SourceVersion "1"]
[SourceVersionDate "2023.10.10"]
[SourceQuality "1"]

1. Nf3 Nf6 2. g3 d5 3. d4 c6 4. Bg2 Bf5 5. 0-0 e6 6. Nbd2 h6 7. Ne5 Bd6 8. c4 0-0 9. b3 Bxe5 10. dxe5 Ng4 11. Ba3 Re8 12. Bb2 Nd7 13. e4 dxe4 14. Nxe4 Ndxe5 15. h3 Bxe4 16. Bxe4 Nf6 17. Bxe5 Qxd1 18. Raxd1 Nxe4 19. Rfe1 Ng5 20. Kg2 Rad8 21. h4 Nh7 22. Bc7 Rc8 23. Be5 Red8 24. f3 c5 25. Bd6 Rd7 26. Bf4 Rcd8 27. Rxd7 Rxd7 28. Be3 b6 29. Kf2 e5 30. b4 cxb4 31. c5 bxc5 32. Bxc5 Rd2+ 33. Kf1 a5 34. Rxe5 Nf6 35. Re2 Rd3 36. Re3 Rxe3 37. Bxe3 Nd5 38. Bd4 f6 39. Ke2 Kf7 40. Kd3 Ke6 41. Kc4 h5 42. g4 g6 43. gxh5 gxh5 44. Bc5 f5 45. Bd4 Kd6 46. Bf2 Kc6 47. Bd4 Nb6+ 48. Kb3 Kb5 49. Be3 Nd5 50. Bd2 a4+ 51. Kc2 Kc4 0-1

[Event "Benimodo op-B 9th"]
[Site "Benimodo"]
[Date "2014.10.12"]
[Round "7.2"]
[White "Molina Ballester, Saul"]
[Black "Nieto Tornero, Jose"]
[Result "1/2-1/2"]
[WhiteElo "1845"]
[BlackElo "1894"]
[PlyCount "52"]
[EventDate "2014.10.09"]
[EventType "swiss"]
[EventRounds "7"]
[EventCountry "ESP"]
[SourceTitle "EXT 2024"]
[Source "ChessBase"]
[SourceDate "2023.10.10"]
[SourceVersion "1"]
[SourceVersionDate "2023.10.10"]
[SourceQuality "1"]

1. e4 e5 2. Nf3 Nc6 3. Bc4 Be7 4. d3 Nf6 5. 0-0 0-0 6. c3 d5 7. exd5 Nxd5 8. Re1 Qd6 9. Nbd2 Bf5 10. Ne4 Qd8 11. Ng3 Be6 12. Nxe5 Nxe5 13. Rxe5 Bf6 14. Re4 c6 15. d4 Nxc3 16. bxc3 Bxc4 17. Qg4 Bd3 18. Re3 Bg6 19. Ba3 Re8 20. Rae1 Rxe3 21. Rxe3 Qd5 22. Qe2 h6 23. Ne4 Bh4 24. g3 Bd8 25. Nd6 Bf6 26. Bc1 Rb8 1/2-1/2

[Event "Mislata op-A 48th"]
[Site "Mislata"]
[Date "2014.08.14"]
[Round "5"]
[White "Ferrer Moreno, Jose"]
[Black "Nieto Tornero, Jose"]
[Result "1-0"]
[WhiteElo "2135"]
[BlackElo "1914"]
[PlyCount "107"]
[EventDate "2014.08.11"]
[EventType "swiss"]
[EventRounds "9"]
[EventCountry "ESP"]
[SourceTitle "CBM 161 Extra"]
[Source "ChessBase"]
[SourceDate "2014.08.29"]
[SourceVersion "1"]
[SourceVersionDate "2014.08.29"]
[SourceQuality "1"]

1. d4 d5 2. c4 c6 3. Nf3 Nf6 4. Nc3 e6 5. Bg5 dxc4 6. e4 b5 7. e5 h6 8. Bh4 g5 9. Nxg5 hxg5 10. Bxg5 Nbd7 11. g3 Be7 12. exf6 Bxf6 13. Bxf6 Nxf6 14. Bg2 Qb6 15. 0-0 Bb7 16. Qf3 Ke7 17. Rad1 Rad8 18. Qf4 Rdg8 19. Rfe1 Rg4 20. Qe5 Rh5 21. Qe3 Rg8 22. Qe2 Rgh8 23. h4 Rg8 24. Ne4 Rh6 25. Qd2 Ng4 26. Qb4+ Kd7 27. Qd6+ Kc8 28. Qf4 Qc7 29. Nd6+ Kb8 30. Qxf7 Qxf7 31. Nxf7 Rf6 32. Ne5 Rxf2 33. Nxg4 Rxb2 34. Ne3 Rxg3 35. Kh2 Rg8 36. Kh3 Bc8 37. Bf3 Rf8 38. Kg3 Rxa2 39. Bxc6 a6 40. h5 Kc7 41. Bf3 Rg8+ 42. Bg4 Kd6 43. h6 Rh8 44. Rh1 Bb7 45. Rh5 Ra3 46. Re1 a5 47. Rxb5 Bc6 48. Rxa5 Rd3 49. Rh5 Be4 50. Kf4 Rxd4 51. Nxc4+ Rxc4 52. Rxe4 Rxe4+ 53. Kxe4 Rh7 54. Rh1 1-0

[Event "Mislata op-A 48th"]
[Site "Mislata"]
[Date "2014.08.13"]
[Round "4"]
[White "Nieto Tornero, Jose"]
[Black "Marquinez Cabrejas, Francisco Javier"]
[Result "1-0"]
[WhiteElo "1914"]
[BlackElo "1993"]
[PlyCount "89"]
[EventDate "2014.08.11"]
[EventType "swiss"]
[EventRounds "9"]
[EventCountry "ESP"]
[SourceTitle "CBM 161 Extra"]
[Source "ChessBase"]
[SourceDate "2014.08.29"]
[SourceVersion "1"]
[SourceVersionDate "2014.08.29"]
[SourceQuality "1"]

1. e4 c6 2. c4 g6 3. Nc3 Bg7 4. d4 d6 5. Nf3 Nd7 6. Be3 e5 7. dxe5 dxe5 8. c5 Qe7 9. Rc1 Ngf6 10. h3 0-0 11. b4 Rd8 12. Qb3 Nf8 13. Bc4 Be6 14. Nxe5 Bxc4 15. Nxc4 Nxe4 16. Nxe4 Qxe4 17. 0-0 Qd3 18. Qa4 b5 19. cxb6 axb6 20. Qxc6 Rdc8 21. Qf3 Rxa2 22. Rfd1 Qb3 23. Qd5 Qxb4 24. Ne5 Rxc1 25. Rxc1 Ra7 26. Nc6 Qa3 27. Nxa7 Qxa7 28. Qc6 Nd7 29. Qc7 Qxc7 30. Rxc7 Nc5 31. Rc6 Nd7 32. Rd6 Nf8 33. Rxb6 h6 34. Rb7 Ne6 35. Kf1 f6 36. Rd7 g5 37. Re7 Nf8 38. Bd4 Ng6 39. Rd7 Ne5 40. Bxe5 fxe5 41. Ke2 Kh7 42. Rd6 Kg8 43. Kd3 Kf7 44. Ke4 Ke7 45. Ra6 1-0

[Event "Mislata op-A 48th"]
[Site "Mislata"]
[Date "2014.08.12"]
[Round "3"]
[White "Nieves Cabanes, Jose Manuel"]
[Black "Nieto Tornero, Jose"]
[Result "1-0"]
[WhiteElo "2091"]
[BlackElo "1914"]
[PlyCount "56"]
[EventDate "2014.08.11"]
[EventType "swiss"]
[EventRounds "9"]
[EventCountry "ESP"]
[SourceTitle "CBM 161 Extra"]
[Source "ChessBase"]
[SourceDate "2014.08.29"]
[SourceVersion "1"]
[SourceVersionDate "2014.08.29"]
[SourceQuality "1"]

1. d4 d5 2. c4 c6 3. Nc3 Nf6 4. Nf3 e6 5. cxd5 exd5 6. Qc2 g6 7. Bg5 Bg7 8. e3 0-0 9. Bd3 Re8 10. 0-0 Nbd7 11. b4 Nb6 12. b5 Be6 13. bxc6 bxc6 14. Na4 Nc4 15. Nc5 Na5 16. h3 h6 17. Bh4 g5 18. Bg3 Nd7 19. Nxe6 Rxe6 20. Rac1 Bf8 21. Bf5 Re8 22. Qa4 Nf6 23. Ne5 Nh5 24. Bh2 Ng7 25. Bd3 Re6 26. Nxc6 Nxc6 27. Rxc6 Qe8 28. Ra6 Rxa6 1-0

[Event "Valencia-ch"]
[Site "Valencia"]
[Date "2012.04.21"]
[Round "5"]
[White "Nieto Tornero, Jose"]
[Black "Cano Gimenez, Vicente"]
[Result "0-1"]
[WhiteElo "2011"]
[BlackElo "2190"]
[PlyCount "98"]
[EventDate "2012.04.14"]
[EventType "swiss"]
[EventRounds "7"]
[EventCountry "ESP"]
[SourceTitle "CBM 148 Extra"]
[Source "ChessBase"]
[SourceDate "2012.06.22"]
[SourceVersion "1"]
[SourceVersionDate "2012.06.22"]
[SourceQuality "1"]

1. e4 c5 2. Nc3 Nc6 3. Nf3 g6 4. d4 cxd4 5. Nxd4 Bg7 6. Be3 Nf6 7. Be2 0-0 8. 0-0 d5 9. exd5 Nxd5 10. Nxd5 Qxd5 11. Bf3 Qc4 12. Nxc6 bxc6 13. Qc1 Bf5 14. c3 Rfd8 15. Rd1 Bd3 16. Re1 a5 17. Bh6 Ra7 18. Bxg7 Kxg7 19. Qe3 c5 20. Bc6 Rd6 21. Bf3 Rad7 22. b3 Qxc3 23. Rac1 Qb2 24. Qxc5 Qxa2 25. Rxe7 Rxe7 26. Qxd6 Qd2 27. Qd4+ f6 28. Qa1 Bc2 29. Rf1 Bxb3 30. h3 a4 31. Qa3 Rc7 32. Ra1 Qc3 33. Rb1 Qc5 34. Qa1 Qc3 35. Qa3 Bc2 36. Ra1 Qxa3 37. Rxa3 Bb3 38. Kf1 Rc1+ 39. Ke2 Rc2+ 40. Kd3 Ra2 41. Rxa2 Bxa2 42. Kd4 Kf7 43. Bc6 a3 44. Kc3 Be6 45. h4 Ke7 46. Be4 a2 47. Kb2 Bg8 48. g4 g5 49. hxg5 fxg5 0-1

[Event "Provincial-ch Burjassot Preferente"]
[Site "Valencia"]
[Date "2011.10.22"]
[Round "3"]
[White "Soriano Folch, Jonathan"]
[Black "Nieto Tornero, Jose"]
[Result "0-1"]
[WhiteElo "1826"]
[BlackElo "2024"]
[PlyCount "70"]
[EventDate "2011.10.01"]
[EventType "swiss"]
[EventRounds "7"]
[EventCountry "ESP"]
[SourceTitle "EXT 2024"]
[Source "ChessBase"]
[SourceDate "2023.10.10"]
[SourceVersion "1"]
[SourceVersionDate "2023.10.10"]
[SourceQuality "1"]

1. e4 e5 2. Nf3 Nc6 3. d4 exd4 4. Nxd4 Nf6 5. Nxc6 bxc6 6. e5 Qe7 7. Qe2 Nd5 8. Bd2 g5 9. Nc3 Nb4 10. Rc1 Bg7 11. a3 Nd5 12. Nxd5 cxd5 13. f4 Bb7 14. g3 gxf4 15. Bxf4 0-0-0 16. c4 d4 17. Bg2 Bxg2 18. Qxg2 Kb8 19. 0-0 Bxe5 20. Bxe5 Qxe5 21. Rfe1 Qf6 22. Qd5 Rhe8 23. b4 Re6 24. Rxe6 dxe6 25. Qb5+ Kc8 26. Rf1 Qg6 27. c5 Qh5 28. Qa4 Qe2 29. b5 Qe3+ 30. Kg2 d3 31. Qa6+ Kb8 32. b6 axb6 33. Rf4 Qxc5 34. Ra4 Qd5+ 35. Kf2 d2 0-1